[Event "OEISM 0818 BLMM"]
[Site "austriablmm"]
[Date "2020.12.12"]
[Round "4"]
[White "Miriamk"]
[Black "Moritz_Pernerstorfer"]
[Result "0-1"]
[WhiteElo "1555"]
[BlackElo "1655"]
[Annotator "NA RC"]
[PlyCount "82"]
[EventDate "2020.12.12"]
[EventType "blitz"]

1. e4 {[%emt 0:00:02]} d6 {[%emt 0:00:05]} 2. d4 {[%emt 0:00:02]} g6 {[%emt 0:00:02]} 3. Nc3 {[%emt 0:00:06]} Bg7 {[%emt 0:00:03]} 4. h3 {[%emt 0:00:05]} Nd7 {[%emt 0:00:06]} 5. Nf3 {[%emt 0:00:03]} a6 {[%emt 0:00:04]} 6. a4 {[%emt 0:00:12]} c5 {[%emt 0:00:16]} 7. Be3 {[%emt 0:00:25]} cxd4 {[%emt 0:00:33]} 8. Nxd4 {[%emt 0:00:05]} Ngf6 {[%emt 0:00:12]} 9. Be2 {[%emt 0:00:11]} O-O {[%emt 0:00:26]} 10. O-O {[%emt 0:00:03]} Nc5 {[%emt 0:00:11]} 11. f3 {[%emt 0:00:40]} Nh5 {[%emt 0:00:39]} 12. Qe1 {[%emt 0:00:35]} Qc7 {[%emt 0:01:21]} 13. Rd1 {[%emt 0:01:00]} Ne6 {[%emt 0:00:29]} 14. f4 {[%emt 0:00:54]} Nhxf4 {[%emt 0:01:42]} 15. Nxe6 {[%emt 0:01:18]} Nxe2+ {[%emt 0:00:13]} 16. Qxe2 {[%emt 0:00:10]} Bxe6 {[%emt 0:00:01]} 17. Bd4 {[%emt 0:00:33]} Bc4 {[%emt 0:00:27]} 18. Nd5 {[%emt 0:00:18] Miriamk bietet Remis} Bxe2 {[%emt 0:02:06]} 19. Nxc7 {[%emt 0:00:03]} Rad8 {[%emt 0:00:24] Miriamk reconnected.} 20. Bb6 {[%emt 0:00:11]} Bxd1 {[%emt 0:00:18]} 21. Rxd1 {[%emt 0:00:04]} Rd7 {[%emt 0:00:18]} 22. c3 {[%emt 0:00:09]} Rc8 {[%emt 0:00:15]} 23. Nd5 {[%emt 0:00:03]} e6 {[%emt 0:00:05]} 24. Nf4 {[%emt 0:00:26]} Rc4 {[%emt 0:00:21]} 25. Re1 {[%emt 0:00:21]} d5 {[%emt 0:00:08]} 26. exd5 {[%emt 0:00:14]} Rxf4 {[%emt 0:00:07]} 27. dxe6 {[%emt 0:00:05]} fxe6 {[%emt 0:00:03]} 28. Rxe6 {[%emt 0:00:06]} Rd1+ {[%emt 0:00:02]} 29. Kh2 {[%emt 0:00:06]} Rf7 {[%emt 0:00:10]} 30. Re8+ {[%emt 0:00:05]} Bf8 {[%emt 0:00:03]} 31. Bc5 {[%emt 0:00:08]} Kg7 {[%emt 0:00:05]} 32. Bd4+ {[%emt 0:00:03]} Kg8 {[%emt 0:00:03]} 33. Bc5 {[%emt 0:00:01]} Ra1 {[%emt 0:00:07]} 34. b3 {[%emt 0:00:09]} Rc1 {[%emt 0:00:06]} 35. Bd4 {[%emt 0:00:09]} Rff1 {[%emt 0:00:07]} 36. Kg3 {[%emt 0:00:07]} Rce1 {[%emt 0:00:03]} 37. Rb8 {[%emt 0:00:09]} Rf7 {[%emt 0:00:04]} 38. Bc5 {[%emt 0:00:05]} h5 {[%emt 0:00:02]} 39. Kh2 {[%emt 0:00:03]} Ref1 {[%emt 0:00:02]} 40. Kg3 {[%emt 0:00:08]} Kh7 {[%emt 0:00:04]} 41. Bd4 {[%emt 0:00:04]} Bd6+ {[%emt 0:00:03] Miriamk gibt auf (Lag: Av=0.51s, max=0.8s)} 0-1

[Event "OEISM 0818 BLMM"]
[Site "austriablmm"]
[Date "2020.12.12"]
[Round "4"]
[White "gritschb"]
[Black "Weirdo1"]
[Result "0-1"]
[WhiteElo "1541"]
[BlackElo "1827"]
[Annotator "NA RC"]
[PlyCount "76"]
[EventDate "2020.12.12"]
[EventType "blitz"]

1. e4 {[%emt 0:00:05]} e6 {[%emt 0:00:10]} 2. d4 {[%emt 0:00:03]} d5 {[%emt 0:00:01]} 3. exd5 {[%emt 0:00:02]} exd5 {[%emt 0:00:01]} 4. Bd3 {[%emt 0:00:03]} Bd6 {[%emt 0:00:02]} 5. Ne2 {[%emt 0:00:02]} Ne7 {[%emt 0:00:07]} 6. O-O {[%emt 0:00:02]} O-O {[%emt 0:00:01]} 7. c3 {[%emt 0:00:02]} Bf5 {[%emt 0:00:06]} 8. Bf4 {[%emt 0:00:05]} Nbc6 {[%emt 0:00:13]} 9. Na3 {[%emt 0:00:04]} Qd7 {[%emt 0:00:16]} 10. Nc2 {[%emt 0:00:05]} Bxd3 {[%emt 0:00:24]} 11. Qxd3 {[%emt 0:00:05]} Qf5 {[%emt 0:00:08]} 12. Rad1 {[%emt 0:00:06]} Bxf4 {[%emt 0:00:21]} 13. Qxf5 {[%emt 0:00:07]} Bxh2+ {[%emt 0:00:03]} 14. Kxh2 {[%emt 0:00:05]} Nxf5 {[%emt 0:00:02]} 15. Nf4 {[%emt 0:00:06]} Rad8 {[%emt 0:00:07]} 16. Rfe1 {[%emt 0:00:12]} g5 {[%emt 0:00:10]} 17. Nh5 {[%emt 0:00:14]} f6 {[%emt 0:00:21]} 18. Re6 {[%emt 0:00:56]} Rd6 {[%emt 0:00:08]} 19. Rde1 {[%emt 0:00:10]} Kf7 {[%emt 0:00:08]} 20. R6e2 {[%emt 0:00:07]} Kg6 {[%emt 0:00:15]} 21. Ng3 {[%emt 0:00:02]} Nxg3 {[%emt 0:00:12]} 22. Kxg3 {[%emt 0:00:02]} h5 {[%emt 0:00:02]} 23. f4 {[%emt 0:00:05]} h4+ {[%emt 0:00:14]} 24. Kg4 {[%emt 0:00:05]} f5+ {[%emt 0:00:06]} 25. Kf3 {[%emt 0:00:09]} g4+ {[%emt 0:00:10]} 26. Kf2 {[%emt 0:00:02]} Kf6 {[%emt 0:00:38]} 27. Rh1 {[%emt 0:00:07]} Rh8 {[%emt 0:00:07]} 28. Re3 {[%emt 0:00:16]} Re6 {[%emt 0:00:11]} 29. Rd3 {[%emt 0:00:05]} Ne7 {[%emt 0:00:11]} 30. Ne3 {[%emt 0:00:04]} Re4 {[%emt 0:00:11]} 31. Nf1 {[%emt 0:00:10]} Rxf4+ {[%emt 0:00:02]} 32. Kg1 {[%emt 0:00:09]} Ng6 {[%emt 0:00:18]} 33. Ne3 {[%emt 0:00:02]} c6 {[%emt 0:00:08]} 34. Nf1 {[%emt 0:00:09]} Re4 {[%emt 0:00:04]} 35. Kf2 {[%emt 0:00:14]} g3+ {[%emt 0:00:13]} 36. Kg1 {[%emt 0:00:03]} Nf4 {[%emt 0:00:03]} 37. Nxg3 {[%emt 0:00:14]} hxg3 {[%emt 0:00:06]} 38. Rxh8 {[%emt 0:00:14]} Re1# {[%emt 0:00:03] Mate} 0-1

[Event "OEISM 0818 BLMM"]
[Site "austriablmm"]
[Date "2020.12.12"]
[Round "4"]
[White "Blacky247"]
[Black "jorei"]
[Result "0-1"]
[WhiteElo "1512"]
[BlackElo "1767"]
[Annotator "NA RC"]
[PlyCount "54"]
[EventDate "2020.12.12"]
[EventType "blitz"]

1. e4 {[%emt 0:00:02]} e5 {[%emt 0:00:02]} 2. d3 {[%emt 0:00:02]} Nf6 {[%emt 0:00:04]} 3. Nc3 {[%emt 0:00:03]} Bc5 {[%emt 0:00:04]} 4. Nf3 {[%emt 0:00:07]} d6 {[%emt 0:00:02]} 5. Bd2 {[%emt 0:00:02]} Ng4 {[%emt 0:00:08]} 6. Be2 {[%emt 0:00:25]} Nxf2 {[%emt 0:00:04]} 7. Qc1 {[%emt 0:00:05]} Nxh1 {[%emt 0:00:03]} 8. Be3 {[%emt 0:00:06]} Bxe3 {[%emt 0:00:10]} 9. Qxe3 {[%emt 0:00:02]} O-O {[%emt 0:00:03]} 10. Qg1 {[%emt 0:00:03]} Nc6 {[%emt 0:00:21]} 11. Qxh1 {[%emt 0:00:05]} Nd4 {[%emt 0:00:22]} 12. Nxd4 {[%emt 0:00:05]} exd4 {[%emt 0:00:44]} 13. Nd5 {[%emt 0:00:03]} c6 {[%emt 0:00:14]} 14. Nf4 {[%emt 0:00:10]} Bg4 {[%emt 0:00:21]} 15. Bxg4 {[%emt 0:00:13]} Qh4+ {[%emt 0:00:03]} 16. g3 {[%emt 0:00:12]} Qxg4 {[%emt 0:00:01]} 17. Qf1 {[%emt 0:00:14]} Rfe8 {[%emt 0:00:08]} 18. Qf2 {[%emt 0:00:16]} d5 {[%emt 0:00:04]} 19. h3 {[%emt 0:00:04]} Qd7 {[%emt 0:00:29]} 20. Qe2 {[%emt 0:00:15]} dxe4 {[%emt 0:00:10]} 21. dxe4 {[%emt 0:00:03]} f5 {[%emt 0:00:13]} 22. Rd1 {[%emt 0:00:10]} Rxe4 {[%emt 0:00:05]} 23. c3 {[%emt 0:00:13]} Rxe2+ {[%emt 0:00:02] Blacky247 offers a draw} 24. Nxe2 {[%emt 0:00:12]} Re8 {[%emt 0:00:04]} 25. cxd4 {[%emt 0:00:11]} Qe6 {[%emt 0:00:13]} 26. Rd2 {[%emt 0:00:06]} Qe3 {[%emt 0:00:07]} 27. h4 {[%emt 0:00:16]} Qg1# {[%emt 0:00:03] Mate Mate} 0-1

[Event "OEISM 0818 BLMM"]
[Site "austriablmm"]
[Date "2020.12.12"]
[Round "4"]
[White "Uhtred08"]
[Black "viczekata"]
[Result "0-1"]
[WhiteElo "1503"]
[BlackElo "1858"]
[Annotator "NA RC"]
[PlyCount "110"]
[EventDate "2020.12.12"]
[EventType "blitz"]

1. e4 {[%emt 0:00:03]} c5 {[%emt 0:00:01]} 2. Nf3 {[%emt 0:00:03]} Nc6 {[%emt 0:00:02]} 3. d4 {[%emt 0:00:02]} cxd4 {[%emt 0:00:01]} 4. Nxd4 {[%emt 0:00:02]} e5 {[%emt 0:00:00]} 5. Nb5 {[%emt 0:00:15]} d6 {[%emt 0:00:02]} 6. N1c3 {[%emt 0:00:21]} a6 {[%emt 0:00:02]} 7. Na3 {[%emt 0:00:29]} Be7 {[%emt 0:00:01]} 8. Bc4 {[%emt 0:00:14]} Be6 {[%emt 0:00:23]} 9. O-O {[%emt 0:00:26]} Nf6 {[%emt 0:00:08]} 10. Bd5 {[%emt 0:00:16]} O-O {[%emt 0:00:18]} 11. Nc4 {[%emt 0:00:07]} Bxd5 {[%emt 0:00:37]} 12. exd5 {[%emt 0:00:04]} Nd4 {[%emt 0:00:03]} 13. Be3 {[%emt 0:00:18]} b5 {[%emt 0:00:16]} 14. Nd2 {[%emt 0:00:15]} Nf5 {[%emt 0:00:05]} 15. a4 {[%emt 0:00:08]} b4 {[%emt 0:00:03]} 16. Ne2 {[%emt 0:00:05]} Nxd5 {[%emt 0:00:05]} 17. Ng3 {[%emt 0:00:44]} Nfxe3 {[%emt 0:00:06]} 18. fxe3 {[%emt 0:00:07]} Nxe3 {[%emt 0:00:01]} 19. Qf3 {[%emt 0:00:42]} Nxf1 {[%emt 0:00:05]} 20. Rxf1 {[%emt 0:00:04]} Qb6+ {[%emt 0:00:07]} 21. Kh1 {[%emt 0:00:09]} Rac8 {[%emt 0:00:06]} 22. Qf5 {[%emt 0:00:29]} g6 {[%emt 0:00:15]} 23. Qe4 {[%emt 0:00:12]} Qd4 {[%emt 0:00:11]} 24. Qb7 {[%emt 0:00:35]} Qxd2 {[%emt 0:00:25]} 25. Qxe7 {[%emt 0:00:11]} Rxc2 {[%emt 0:00:01]} 26. Qb7 {[%emt 0:00:09]} d5 {[%emt 0:00:03]} 27. Rg1 {[%emt 0:00:07]} e4 {[%emt 0:00:08]} 28. Nf1 {[%emt 0:00:13]} Qd3 {[%emt 0:00:13]} 29. Qxb4 {[%emt 0:00:13]} Rc1 {[%emt 0:00:10]} 30. Ng3 {[%emt 0:00:25]} Rxg1+ {[%emt 0:00:03]} 31. Kxg1 {[%emt 0:00:03]} e3 {[%emt 0:00:05]} 32. Qe1 {[%emt 0:00:17]} d4 {[%emt 0:00:01]} 33. Nf1 {[%emt 0:00:30]} e2 {[%emt 0:00:06]} 34. Nd2 {[%emt 0:00:10]} Qe3+ {[%emt 0:00:05]} 35. Kh1 {[%emt 0:00:03]} d3 {[%emt 0:00:02]} 36. g3 {[%emt 0:00:15]} Re8 {[%emt 0:00:04]} 37. Kg2 {[%emt 0:00:03]} Qxd2 {[%emt 0:00:04]} 38. Qxd2 {[%emt 0:00:13]} e1=Q {[%emt 0:00:01]} 39. Qxd3 {[%emt 0:00:06]} Qe2+ {[%emt 0:00:02]} 40. Qxe2 {[%emt 0:00:01]} Rxe2+ {[%emt 0:00:01]} 41. Kf3 {[%emt 0:00:00]} Rxb2 {[%emt 0:00:01]} 42. h4 {[%emt 0:00:03]} Rb4 {[%emt 0:00:03]} 43. g4 {[%emt 0:00:03]} Kg7 {[%emt 0:00:01]} 44. h5 {[%emt 0:00:05]} Kf6 {[%emt 0:00:01]} 45. Kg3 {[%emt 0:00:02]} Kg5 {[%emt 0:00:01]} 46. a5 {[%emt 0:00:02]} Rb3+ {[%emt 0:00:01]} 47. Kg2 {[%emt 0:00:03]} Kxg4 {[%emt 0:00:01]} 48. h6 {[%emt 0:00:02]} Rb2+ {[%emt 0:00:01]} 49. Kf1 {[%emt 0:00:02]} Kf3 {[%emt 0:00:01]} 50. Ke1 {[%emt 0:00:01]} Ke3 {[%emt 0:00:04]} 51. Kd1 {[%emt 0:00:02]} Re2 {[%emt 0:00:01]} 52. Kc1 {[%emt 0:00:01]} Kd3 {[%emt 0:00:01]} 53. Kb1 {[%emt 0:00:01]} Kc3 {[%emt 0:00:01]} 54. Ka1 {[%emt 0:00:03]} Kb3 {[%emt 0:00:01]} 55. Kb1 {[%emt 0:01:18]} Re1# {[%emt 0:00:00] Mate Mate} 0-1

[Event "OEISM 0818 BLMM"]
[Site "austriablmm"]
[Date "2020.12.12"]
[Round "4"]
[White "Luroe12"]
[Black "NIKO2011"]
[Result "0-1"]
[WhiteElo "1484"]
[BlackElo "1810"]
[Annotator "NA RC"]
[PlyCount "86"]
[EventDate "2020.12.12"]
[EventType "blitz"]

1. e4 {[%emt 0:00:05]} c5 {[%emt 0:00:01]} 2. Nc3 {[%emt 0:00:04]} Nc6 {[%emt 0:00:03]} 3. f4 {[%emt 0:00:11]} Qc7 {[%emt 0:00:04]} 4. Nh3 {[%emt 0:00:20]} a6 {[%emt 0:00:13]} 5. Bd3 {[%emt 0:00:13]} b5 {[%emt 0:00:03]} 6. O-O {[%emt 0:00:24]} Qb6 {[%emt 0:00:03]} 7. Kh1 {[%emt 0:00:09]} Bb7 {[%emt 0:00:09]} 8. f5 {[%emt 0:00:16]} Nf6 {[%emt 0:00:12]} 9. b3 {[%emt 0:00:19]} g6 {[%emt 0:00:22]} 10. Bb2 {[%emt 0:00:37]} Bg7 {[%emt 0:00:08]} 11. Nd5 {[%emt 0:00:29]} Qd8 {[%emt 0:00:12]} 12. Nxf6+ {[%emt 0:00:18]} Bxf6 {[%emt 0:00:04]} 13. Bxf6 {[%emt 0:00:33]} exf6 {[%emt 0:00:00]} 14. a4 {[%emt 0:00:10]} b4 {[%emt 0:00:07]} 15. c4 {[%emt 0:00:19]} Ne5 {[%emt 0:00:11]} 16. Bc2 {[%emt 0:00:22]} O-O {[%emt 0:00:18]} 17. d4 {[%emt 0:00:41]} cxd4 {[%emt 0:00:07]} 18. Qxd4 {[%emt 0:00:06]} Nc6 {[%emt 0:00:02]} 19. Qf2 {[%emt 0:00:20]} Re8 {[%emt 0:00:21]} 20. Qh4 {[%emt 0:00:36]} Kg7 {[%emt 0:00:07]} 21. Qg4 {[%emt 0:00:44]} Nd4 {[%emt 0:00:06]} 22. Rac1 {[%emt 0:00:23]} Nxc2 {[%emt 0:00:03]} 23. Rxc2 {[%emt 0:00:04]} Rxe4 {[%emt 0:00:02]} 24. Qg3 {[%emt 0:00:16]} Qb6 {[%emt 0:00:29]} 25. fxg6 {[%emt 0:00:21]} fxg6 {[%emt 0:00:05]} 26. Rf5 {[%emt 0:00:36]} Rae8 {[%emt 0:00:15]} 27. Rc1 {[%emt 0:00:16]} Re3 {[%emt 0:00:13]} 28. Qf2 {[%emt 0:00:16]} gxf5 {[%emt 0:00:15]} 29. Nf4 {[%emt 0:00:18]} Re1+ {[%emt 0:00:08]} 30. Qxe1 {[%emt 0:00:15]} Rxe1+ {[%emt 0:00:02]} 31. Rxe1 {[%emt 0:00:02]} Qf2 {[%emt 0:00:02]} 32. Nh5+ {[%emt 0:00:09]} Kf7 {[%emt 0:00:01]} 33. Rg1 {[%emt 0:00:09]} Kg6 {[%emt 0:00:13]} 34. Ng3 {[%emt 0:00:10]} f4 {[%emt 0:00:02]} 35. Nf1 {[%emt 0:00:08]} Kf5 {[%emt 0:00:11]} 36. c5 {[%emt 0:00:20]} Bxg2+ {[%emt 0:00:08]} 37. Rxg2 {[%emt 0:00:05]} Qxf1+ {[%emt 0:00:01]} 38. Rg1 {[%emt 0:00:01]} Qf3+ {[%emt 0:00:02]} 39. Rg2 {[%emt 0:00:02]} Qd1+ {[%emt 0:00:01]} 40. Rg1 {[%emt 0:00:02]} Qd5+ {[%emt 0:00:01]} 41. Rg2 {[%emt 0:00:02]} f3 {[%emt 0:00:01]} 42. Rf2 {[%emt 0:00:03]} Qd1+ {[%emt 0:00:03]} 43. Rf1 {[%emt 0:00:04]} Qxf1# {[%emt 0:00:01] Mate Mate} 0-1

[Event "OEISM 0818 BLMM"]
[Site "austriablmm"]
[Date "2020.12.12"]
[Round "4"]
[White "Leefke Giselbrecht"]
[Black "Ppe1968"]
[Result "0-1"]
[WhiteElo "1465"]
[BlackElo "1917"]
[Annotator "NA RC"]
[PlyCount "40"]
[EventDate "2020.12.12"]
[EventType "blitz"]

1. e4 {[%emt 0:00:03]} e5 {[%emt 0:00:26]} 2. Bc4 {[%emt 0:00:04]} Nf6 {[%emt 0:00:07]} 3. d3 {[%emt 0:00:05]} Bc5 {[%emt 0:00:11]} 4. Nf3 {[%emt 0:00:04]} d6 {[%emt 0:00:19]} 5. O-O {[%emt 0:00:13]} h6 {[%emt 0:00:13]} 6. c3 {[%emt 0:00:09]} Nc6 {[%emt 0:00:03]} 7. Nbd2 {[%emt 0:00:06]} a6 {[%emt 0:00:03]} 8. Bb3 {[%emt 0:00:03]} Ba7 {[%emt 0:00:02]} 9. Re1 {[%emt 0:00:12]} Bg4 {[%emt 0:00:20]} 10. Nf1 {[%emt 0:00:06]} Qe7 {[%emt 0:00:31]} 11. Ng3 {[%emt 0:00:04]} Nh5 {[%emt 0:00:11]} 12. Nxh5 {[%emt 0:00:08]} Bxh5 {[%emt 0:00:02]} 13. Be3 {[%emt 0:00:09]} Qf6 {[%emt 0:00:18]} 14. Rf1 {[%emt 0:00:17]} Ne7 {[%emt 0:00:58]} 15. d4 {[%emt 0:00:18]} Ng6 {[%emt 0:00:08]} 16. dxe5 {[%emt 0:02:10]} Nxe5 {[%emt 0:00:06]} 17. Bxa7 {[%emt 0:00:58]} Rxa7 {[%emt 0:00:13]} 18. Qd4 {[%emt 0:00:08]} Nxf3+ {[%emt 0:00:04]} 19. gxf3 {[%emt 0:00:05]} Qg6+ {[%emt 0:00:01]} 20. Kh1 {[%emt 0:00:03]} Bxf3# {[%emt 0:00:01] Mate} 0-1

[Event "OEISM 0818 BLMM"]
[Site "austriablmm"]
[Date "2020.12.12"]
[Round "4"]
[White "Luis_VST"]
[Black "Theodor_13"]
[Result "1-0"]
[WhiteElo "1451"]
[BlackElo "1368"]
[Annotator "NA RC"]
[PlyCount "31"]
[EventDate "2020.12.12"]
[EventType "blitz"]

1. e4 {[%emt 0:01:21]} e5 {[%emt 0:00:03]} 2. Nf3 {[%emt 0:00:03]} Nc6 {[%emt 0:00:03]} 3. Nc3 {[%emt 0:00:03]} Nf6 {[%emt 0:00:03]} 4. Bb5 {[%emt 0:00:02]} Bb4 {[%emt 0:00:03]} 5. Bxc6 {[%emt 0:00:01]} Bxc3 {[%emt 0:00:04]} 6. bxc3 {[%emt 0:00:02]} bxc6 {[%emt 0:00:02]} 7. O-O {[%emt 0:00:02]} O-O {[%emt 0:00:02]} 8. Nxe5 {[%emt 0:00:04]} Nxe4 {[%emt 0:00:02]} 9. d3 {[%emt 0:00:03]} d6 {[%emt 0:00:03]} 10. dxe4 {[%emt 0:00:01]} dxe5 {[%emt 0:00:01]} 11. Be3 {[%emt 0:00:06]} Qxd1 {[%emt 0:00:03]} 12. Rfxd1 {[%emt 0:00:03]} Be6 {[%emt 0:00:03]} 13. Rd2 {[%emt 0:00:06]} Rfb8 {[%emt 0:00:06]} 14. Rad1 {[%emt 0:00:20]} Rb7 {[%emt 0:00:03]} 15. Rd8+ {[%emt 0:00:03]} Rxd8 {[%emt 0:00:03]} 16. Rxd8# {[%emt 0:00:02] Mate Mate} 1-0

[Event "OEISM 0818 BLMM"]
[Site "austriablmm"]
[Date "2020.12.12"]
[Round "4"]
[White "Armin_Donner"]
[Black "Goldene Leune"]
[Result "0-1"]
[WhiteElo "1444"]
[BlackElo "1707"]
[Annotator "NA RC"]
[PlyCount "70"]
[EventDate "2020.12.12"]
[EventType "blitz"]

1. e4 {[%emt 0:00:03]} c5 {[%emt 0:00:02]} 2. Nf3 {[%emt 0:00:04]} d6 {[%emt 0:00:01]} 3. Bc4 {[%emt 0:00:06]} Nf6 {[%emt 0:00:02]} 4. Ng5 {[%emt 0:00:03]} e6 {[%emt 0:00:02]} 5. Bb5+ {[%emt 0:00:04]} Nc6 {[%emt 0:00:03]} 6. O-O {[%emt 0:00:08]} Bd7 {[%emt 0:00:02]} 7. Nc3 {[%emt 0:00:06]} Be7 {[%emt 0:00:02]} 8. d3 {[%emt 0:00:06]} O-O {[%emt 0:00:02]} 9. Qf3 {[%emt 0:00:12]} Rc8 {[%emt 0:00:03]} 10. Qh3 {[%emt 0:00:03]} Re8 {[%emt 0:00:05]} 11. Qxh7+ {[%emt 0:00:02]} Nxh7 {[%emt 0:00:02]} 12. Nxh7 {[%emt 0:00:03]} Kxh7 {[%emt 0:00:02]} 13. Be3 {[%emt 0:00:08]} Kg8 {[%emt 0:00:02]} 14. Rae1 {[%emt 0:00:11]} a6 {[%emt 0:00:05]} 15. Ba4 {[%emt 0:00:03]} b5 {[%emt 0:00:05]} 16. Bb3 {[%emt 0:00:09]} Na5 {[%emt 0:00:05]} 17. a3 {[%emt 0:00:21]} c4 {[%emt 0:00:02]} 18. Ba2 {[%emt 0:00:06]} cxd3 {[%emt 0:00:06]} 19. cxd3 {[%emt 0:00:02]} e5 {[%emt 0:00:06]} 20. Nd5 {[%emt 0:00:04]} Rc2 {[%emt 0:00:12]} 21. Nb6 {[%emt 0:00:05]} Rxb2 {[%emt 0:00:08]} 22. Bb1 {[%emt 0:00:07]} Bg5 {[%emt 0:00:06]} 23. Nd5 {[%emt 0:00:15]} Bxe3 {[%emt 0:00:04]} 24. fxe3 {[%emt 0:00:05]} Be6 {[%emt 0:00:02]} 25. Nf4 {[%emt 0:00:06]} Qb6 {[%emt 0:00:04]} 26. d4 {[%emt 0:00:16]} exf4 {[%emt 0:00:02]} 27. exf4 {[%emt 0:00:02]} Bc4 {[%emt 0:00:05]} 28. Rf3 {[%emt 0:00:05]} Qxd4+ {[%emt 0:00:04]} 29. Kh1 {[%emt 0:00:11]} Rxe4 {[%emt 0:00:02]} 30. h3 {[%emt 0:00:12]} Rxe1+ {[%emt 0:00:03]} 31. Kh2 {[%emt 0:00:04]} Rexb1 {[%emt 0:00:02]} 32. Kg3 {[%emt 0:00:04]} Bd5 {[%emt 0:00:05]} 33. Rf2 {[%emt 0:00:13]} Qxf2+ {[%emt 0:00:04]} 34. Kg4 {[%emt 0:00:02]} Qxg2+ {[%emt 0:00:03]} 35. Kf5 {[%emt 0:00:07]} Be6# {[%emt 0:00:07] Mate Mate} 0-1

[Event "OEISM 0818 BLMM"]
[Site "austriablmm"]
[Date "2020.12.12"]
[Round "4"]
[White "Alexander Hörfarter"]
[Black "Widder2010"]
[Result "0-1"]
[WhiteElo "1379"]
[BlackElo "1607"]
[Annotator "NA RC"]
[PlyCount "104"]
[EventDate "2020.12.12"]
[EventType "blitz"]

1. e4 {[%emt 0:00:04]} g6 {[%emt 0:00:03]} 2. c3 {[%emt 0:00:09]} Bg7 {[%emt 0:00:02]} 3. d4 {[%emt 0:00:02]} e6 {[%emt 0:00:02]} 4. Bd3 {[%emt 0:00:25]} Ne7 {[%emt 0:00:02]} 5. Be3 {[%emt 0:00:02]} d5 {[%emt 0:00:02]} 6. e5 {[%emt 0:00:13]} Nf5 {[%emt 0:00:04]} 7. Qe2 {[%emt 0:00:06]} Nxe3 {[%emt 0:00:07]} 8. Qxe3 {[%emt 0:00:03]} Nd7 {[%emt 0:00:04]} 9. Nf3 {[%emt 0:00:21]} c5 {[%emt 0:00:04]} 10. Bc2 {[%emt 0:00:03]} c4 {[%emt 0:00:02]} 11. Nbd2 {[%emt 0:00:22]} Qc7 {[%emt 0:00:13]} 12. Ng5 {[%emt 0:00:08]} b6 {[%emt 0:00:24]} 13. Qf4 {[%emt 0:00:02]} Nb8 {[%emt 0:00:16]} 14. O-O {[%emt 0:00:10]} O-O {[%emt 0:00:15]} 15. Qh4 {[%emt 0:00:06]} h6 {[%emt 0:00:13]} 16. Nh3 {[%emt 0:00:07]} Qd8 {[%emt 0:00:11]} 17. Qxd8 {[%emt 0:00:05]} Rxd8 {[%emt 0:00:03]} 18. Nf3 {[%emt 0:00:00]} Nc6 {[%emt 0:00:04]} 19. Nh4 {[%emt 0:00:18]} g5 {[%emt 0:00:13]} 20. Nf3 {[%emt 0:00:19]} g4 {[%emt 0:00:03]} 21. Nhg5 {[%emt 0:00:05]} gxf3 {[%emt 0:00:10]} 22. Nxf3 {[%emt 0:00:15]} Bd7 {[%emt 0:00:14]} 23. Nd2 {[%emt 0:00:11]} Kf8 {[%emt 0:00:03]} 24. f4 {[%emt 0:00:15]} Ke7 {[%emt 0:00:13]} 25. f5 {[%emt 0:00:02]} exf5 {[%emt 0:00:04]} 26. Bxf5 {[%emt 0:00:05]} Be6 {[%emt 0:00:05]} 27. Bxe6 {[%emt 0:00:18]} fxe6 {[%emt 0:00:04]} 28. Rf3 {[%emt 0:00:11]} Rf8 {[%emt 0:00:03]} 29. Raf1 {[%emt 0:00:11]} Rxf3 {[%emt 0:00:04]} 30. Rxf3 {[%emt 0:00:00]} Rf8 {[%emt 0:00:03]} 31. Rxf8 {[%emt 0:00:12]} Bxf8 {[%emt 0:00:06]} 32. h4 {[%emt 0:00:05]} Kf7 {[%emt 0:00:04]} 33. Kf2 {[%emt 0:00:03]} a5 {[%emt 0:00:05]} 34. g4 {[%emt 0:00:30]} b5 {[%emt 0:00:08]} 35. h5 {[%emt 0:00:13]} Be7 {[%emt 0:00:06]} 36. Nf3 {[%emt 0:00:11]} Bg5 {[%emt 0:00:14]} 37. Nxg5+ {[%emt 0:00:02]} hxg5 {[%emt 0:00:02]} 38. Ke2 {[%emt 0:00:03]} b4 {[%emt 0:00:05]} 39. Kd2 {[%emt 0:00:40]} a4 {[%emt 0:00:30]} 40. Kc2 {[%emt 0:00:15]} b3+ {[%emt 0:00:20]} 41. axb3 {[%emt 0:00:17]} axb3+ {[%emt 0:00:02]} 42. Kc1 {[%emt 0:00:03]} Ne7 {[%emt 0:00:05]} 43. Kd2 {[%emt 0:00:10]} Ng8 {[%emt 0:00:02]} 44. Ke3 {[%emt 0:00:01]} Nh6 {[%emt 0:00:02]} 45. Kf3 {[%emt 0:00:02]} Kg7 {[%emt 0:00:14]} 46. Kg3 {[%emt 0:00:11]} Nxg4 {[%emt 0:00:10]} 47. Kxg4 {[%emt 0:00:03]} Kh6 {[%emt 0:00:03]} 48. Kh3 {[%emt 0:00:02]} Kxh5 {[%emt 0:00:02]} 49. Kg3 {[%emt 0:00:13]} g4 {[%emt 0:00:02]} 50. Kg2 {[%emt 0:00:03]} Kg5 {[%emt 0:00:02]} 51. Kg3 {[%emt 0:00:01]} Kf5 {[%emt 0:00:03]} 52. Kf2 {[%emt 0:00:09]} Kf4 {[%emt 0:00:02] Alexander Hörfarter resigns} 0-1

[Event "OEISM 0818 BLMM"]
[Site "austriablmm"]
[Date "2020.12.12"]
[Round "4"]
[White "Schragerlaufer"]
[Black "Robert_III"]
[Result "1-0"]
[WhiteElo "1370"]
[BlackElo "1601"]
[Annotator "NA RC"]
[PlyCount "51"]
[EventDate "2020.12.12"]
[EventType "blitz"]

1. e4 {[%emt 0:00:04]} c5 {[%emt 0:00:04]} 2. c3 {[%emt 0:00:02]} e6 {[%emt 0:00:06]} 3. d4 {[%emt 0:00:02]} Nf6 {[%emt 0:00:04]} 4. e5 {[%emt 0:00:34]} Nd5 {[%emt 0:00:03]} 5. Nf3 {[%emt 0:00:10]} cxd4 {[%emt 0:00:06]} 6. cxd4 {[%emt 0:00:03]} Be7 {[%emt 0:00:13]} 7. Nc3 {[%emt 0:00:02]} Nxc3 {[%emt 0:00:06]} 8. bxc3 {[%emt 0:00:02]} d6 {[%emt 0:00:00]} 9. Bb5+ {[%emt 0:00:21]} Bd7 {[%emt 0:00:03]} 10. Bxd7+ {[%emt 0:00:02]} Nxd7 {[%emt 0:00:02]} 11. Bf4 {[%emt 0:00:04]} dxe5 {[%emt 0:00:09]} 12. Nxe5 {[%emt 0:00:06]} Nxe5 {[%emt 0:00:49]} 13. Bxe5 {[%emt 0:00:04]} Qa5 {[%emt 0:00:05]} 14. Qb3 {[%emt 0:00:28]} Rc8 {[%emt 0:00:08]} 15. O-O {[%emt 0:00:43]} O-O {[%emt 0:00:16]} 16. Qxb7 {[%emt 0:00:16]} Ba3 {[%emt 0:00:06]} 17. Qf3 {[%emt 0:01:22]} Qxc3 {[%emt 0:01:42]} 18. Qg4 {[%emt 0:00:51]} f6 {[%emt 0:00:37]} 19. Bf4 {[%emt 0:00:38]} Qxd4 {[%emt 0:00:23]} 20. Qg3 {[%emt 0:00:54]} Bb2 {[%emt 0:01:40]} 21. Rab1 {[%emt 0:00:58]} Rc3 {[%emt 0:00:54]} 22. Be3 {[%emt 0:00:43]} Qb4 {[%emt 0:00:23]} 23. Rfd1 {[%emt 0:00:29]} Qa3 {[%emt 0:00:14]} 24. Qg4 {[%emt 0:00:21]} Kf7 {[%emt 0:00:23]} 25. Rd7+ {[%emt 0:00:20]} Kg8 {[%emt 0:00:03]} 26. Qxg7# {[%emt 0:00:05] Mate Mate} 1-0